Govt. of
Madhya Pradesh

Thinking Aloud Ref;ectopms On Emerging India (Record no. 64973)

MARC details
000 -LEADER
fixed length control field 00278nam a2200109Ia 4500
008 - FIXED-LENGTH DATA ELEMENTS--GENERAL INFORMATION
fixed length control field 221009s9999 xx 000 0 und d
082 ## - DEWEY DECIMAL CLASSIFICATION NUMBER
Classification number 300
100 ## - MAIN ENTRY--PERSONAL NAME
Personal name Joshi,Prasoon
9 (RLIN) 81338
245 #0 - TITLE STATEMENT
Title Thinking Aloud Ref;ectopms On Emerging India
260 ## - PUBLICATION, DISTRIBUTION, ETC. (IMPRINT)
Name of publisher, distributor, etc. Rupa Publication
942 ## - ADDED ENTRY ELEMENTS (KOHA)
Koha item type Books
Holdings
Withdrawn status Lost status Damaged status Not for loan Home library Current library Shelving location Date acquired Cost, normal purchase price Total Checkouts Barcode Date last seen Date last checked out Price effective from Koha item type
        MACL MACL General Stacks 11/10/2022 300.00 1 CRE040033 02/05/2024 05/01/2024 11/10/2022 Books